The 11 immutable laws of Internet branding /

This book is about: The law of either/or; The law of interactivity; The law of the common name; The law of singularity; ...

Đã lưu trong:
Chi tiết về thư mục
Tác giả chính: Ries, Laura.
Tác giả khác: Ries, Al.
Định dạng: Sách
Ngôn ngữ:English
Được phát hành: New York : HarperBusiness, 2000.
Những chủ đề:
Các nhãn: Thêm thẻ
Không có thẻ, Là người đầu tiên thẻ bản ghi này!
Thư viện lưu trữ: Mạng thư viện Đại học Đà Nẵng
LEADER 01039cam a2200361 i 4500
001 000048474
003 8192
005 20030307143718.0
008 010322|2000 vm 000 eng
020 |a 0060196211 
040 |a IRC  |c IRC  |d IRC 
041 0 |a eng 
082 1 4 |a 658.84  |b RI-A 
100 1 |a Ries, Laura. 
245 0 4 |a The 11 immutable laws of Internet branding /  |c Al Ries and Laura Ries. 
260 |a New York :  |b HarperBusiness,  |c 2000. 
300 |a viii, 175 p. ;  |c 19cm. 
520 3 |a This book is about: The law of either/or; The law of interactivity; The law of the common name; The law of singularity; ... 
630 0 4 |a Management. 
630 0 4 |a Internet marketing. 
650 0 4 |a Internet marketing. 
650 0 4 |a Brand name products  |x Management. 
700 1 |a Ries, Al. 
OWN |a DUT 
999 |a From the UDN01 
TYP |a Monograph 
TYP |a Printed language 
980 |a Mạng thư viện Đại học Đà Nẵng